000 00746nam a2200193Ia 4500
005 20260126143546.0
008 210303s9999 xx 000 0 und d
016 _2reto2022b
040 _aNLN
_bEnglish
_eAACR2
082 _a370.96692
086 _aDT515wg 8F491 .O28s
110 _aOGUN State. Ministry of Finance and Economic Development. Statistics Division
245 2 _aA summary of current education statistics 1978 to 1979 /
_cOgun State. Ministry of Finance and Economic Development. Statistics Division
260 _aAbeokuta, Ogun State :
_bStatistics Division Ministry of Finance and Economic Development,
_c1979.
300 _a[?]p. ;
_b33cm.
563 _a(pbk)
650 _aEducation
_vStatistics
_943381
942 _n0
_cDOCUMENT
999 _c23374
_d23374